[Event "Titled Tuesday intern op 02nd Apr Early"]
[Site "Chess.com INT"]
[Date "2024.04.02"]
[Round "6"]
[White "Gledura, Benjamin"]
[Black "Vetoshko, Volodymyr"]
[Result "0-1"]
[WhiteElo "2615"]
[BlackElo "2505"]
[PlyCount "144"]
[EventDate "2024.04.02"]
[EventType "swiss (blitz)"]
[EventRounds "11"]
[EventCountry "USA"]
[SourceTitle "CB15_2024"]
[SourceDate "2024.04.10"]
[SourceVersion "1"]
[SourceVersionDate "2024.04.10"]
[SourceQuality "1"]

1. d4 d5 2. c4 e6 3. Nf3 a6 4. cxd5 exd5 5. Bg5 Nf6 6. e3 Be6 7. Bd3 Nbd7 8. Nc3 Bd6 9. h3 c6 10. 0-0 Qc7 11. Qd2 0-0 12. Bf4 Rfe8 13. Rfe1 Nh5 14. Bxd6 Qxd6 15. b4 Nhf6 16. a4 b5 17. Qb2 Nb6 18. Ne5 Nc4 19. Bxc4 dxc4 20. Qa3 Rac8 21. axb5 axb5 22. Qa5 h6 23. Rec1 Kh7 24. Rab1 Nd5 25. Ne4 Qf8 26. Nc5 Ra8 27. Na6 Bc8 28. Nxc6 Bxa6 29. Ra1 Qd6 30. Ne5 Qxb4 31. Qa2 Bb7 32. Qc2+ g6 33. Nxf7 Rxa1 34. Rxa1 Qc3 35. Qb1 Qb3 36. Qc1 Re7 37. Nd6 Nc3 38. Qd2 Ne4 39. Nxe4 Bxe4 40. Qa5 Qd3 41. Qd8 Rf7 42. Qe8 Rg7 43. Qxb5 c3 44. Qc5 c2 45. Kh2 Qd1 46. Qc3 Qxa1 47. Qxa1 Rc7 48. Qc1 Rb7 49. f3 Rb1 50. Qa3 c1Q 51. Qe7+ Kg8 52. Qe8+ Kg7 53. Qe7+ Kg8 54. Qxe4 Qg1+ 55. Kg3 Qe1+ 56. Kf4 Qh4+ 57. g4 Qf6+ 58. Kg3 Qd6+ 59. f4 Rb6 60. Qe8+ Kg7 61. h4 Qe6 62. Qxe6 Rxe6 63. Kf3 Ra6 64. g5 h5 65. d5 Kf7 66. e4 Ra3+ 67. Ke2 Rh3 68. f5 gxf5 69. exf5 Rxh4 70. Ke3 Rg4 71. g6+ Kf6 72. d6 Rg1 0-1

[Event "Titled Tuesday intern op 02nd Apr Early"]
[Site "Chess.com INT"]
[Date "2024.04.02"]
[Round "5"]
[White "Vetoshko, Volodymyr"]
[Black "Seder, Mohamad"]
[Result "1-0"]
[WhiteElo "2505"]
[BlackElo "2077"]
[PlyCount "87"]
[EventDate "2024.04.02"]
[EventType "swiss (blitz)"]
[EventRounds "11"]
[EventCountry "USA"]
[SourceTitle "CB15_2024"]
[SourceDate "2024.04.10"]
[SourceVersion "1"]
[SourceVersionDate "2024.04.10"]
[SourceQuality "1"]

1. e4 c5 2. d4 cxd4 3. Qxd4 Nc6 4. Qd3 e6 5. Nc3 Bc5 6. Qg3 Qf6 7. Nb5 Kf8 8. c3 a6 9. Nd6 h6 10. Be3 Bxe3 11. Qxe3 Qe5 12. 0-0-0 Nf6 13. f4 Qa5 14. Kb1 b5 15. e5 Nd5 16. Qc5 Qb6 17. Rxd5 Qxc5 18. Rxc5 Ke7 19. Nf3 f6 20. Be2 Rf8 21. Rd1 Rb8 22. Nh4 Kd8 23. Ng6 Rg8 24. Bf3 Kc7 25. Ne7 Rd8 26. Nxc6 Kb6 27. Nxd8 Kxc5 28. Nxc8 Rxc8 29. Rxd7 fxe5 30. fxe5 g5 31. Nxe6+ Kb6 32. Rd6+ Ka7 33. Nd4 Rf8 34. e6 g4 35. Bxg4 h5 36. Bxh5 Rf1+ 37. Kc2 Re1 38. Be2 b4 39. e7 b3+ 40. axb3 Rxe2+ 41. Nxe2 a5 42. e8Q a4 43. Qe7+ Kb8 44. Rd8# 1-0

[Event "Budapest One Week GM 02"]
[Site "Budapest"]
[Date "2024.02.27"]
[Round "3"]
[White "Vetoshko, Volodymyr"]
[Black "Gaal, Zsoka"]
[Result "1/2-1/2"]
[WhiteElo "2529"]
[BlackElo "2363"]
[PlyCount "158"]
[EventDate "2024.02.26"]
[EventType "tourn"]
[EventRounds "9"]
[EventCountry "HUN"]
[EventCategory "6"]
[SourceTitle "CB11_2024"]
[SourceDate "2024.03.13"]
[SourceVersion "1"]
[SourceVersionDate "2024.03.13"]
[SourceQuality "1"]

1. c4 Nf6 2. Nf3 e6 3. g3 d5 4. Bg2 Be7 5. d4 0-0 6. Nc3 c6 7. 0-0 a5 8. Re1 Nbd7 9. Nd2 e5 10. dxe5 Nxe5 11. cxd5 Nxd5 12. Nxd5 cxd5 13. Nf3 Nxf3+ 14. Bxf3 Be6 15. Be3 Bb4 16. Rf1 Bh3 17. Bg2 Bxg2 18. Kxg2 Re8 19. Qb3 Qf6 20. Rad1 Rad8 21. Rd4 Qa6 22. Qd3 Bc5 23. Qxa6 bxa6 24. Rd3 Bxe3 25. fxe3 d4 26. Rf5 dxe3 27. Rxd8 Rxd8 28. Rxa5 Rd2 29. Rxa6 g5 30. Kf3 Rxb2 31. Kxe3 Kg7 32. a4 Ra2 33. a5 Ra3+ 34. Ke4 Ra2 35. Kf3 Ra3+ 36. Kf2 h5 37. Ra8 Kh7 38. a6 Kg7 39. a7 Kh7 40. Ke1 Ra2 41. Kd1 Kg7 42. Kc1 Kh7 43. Kb1 Ra6 44. Kb2 Kg7 45. Kb3 Kh7 46. Kc4 Kg7 47. e4 Ra5 48. Kb4 Ra1 49. Kc5 Ra6 50. e5 Kh7 51. Kb5 Ra1 52. Kb6 Rb1+ 53. Kc6 Ra1 54. Kd5 Ra4 55. h3 Kg7 56. Kd6 Ra6+ 57. Kc5 Ra1 58. Kc6 Ra2 59. Kb6 Rb2+ 60. Kc5 Ra2 61. Kd4 Ra4+ 62. Kd5 Kh7 63. e6 fxe6+ 64. Kxe6 Kg7 65. Re8 Ra6+ 66. Kf5 Rxa7 67. Kxg5 Ra5+ 68. Kf4 Kf6 69. Re4 Ra1 70. Rb4 Ra6 71. Rc4 Rb6 72. Ra4 Rc6 73. h4 Rb6 74. Ra5 Rb4+ 75. Kf3 Rb3+ 76. Kg2 Rb2+ 77. Kh3 Kg6 78. Ra6+ Kg7 79. Ra5 Kg6 1/2-1/2

[Event "Titled Tuesday intern op 16th Jan Late"]
[Site "Chess.com INT"]
[Date "2024.01.16"]
[Round "5"]
[White "Vetoshko, Volodymyr"]
[Black "Nouali, Mohamed"]
[Result "1-0"]
[WhiteElo "2505"]
[BlackElo "2137"]
[PlyCount "101"]
[EventDate "2024.01.16"]
[EventType "swiss (blitz)"]
[EventRounds "11"]
[EventCountry "USA"]
[SourceTitle "CB04_2024"]
[SourceDate "2023.10.16"]
[SourceVersion "1"]
[SourceVersionDate "2023.10.16"]
[SourceQuality "1"]

1. e4 c5 2. d4 cxd4 3. Qxd4 e5 4. Qxe5+ Ne7 5. Nf3 Nbc6 6. Qg3 d5 7. Nc3 dxe4 8. Nb5 Nf5 9. Nc7+ Kd7 10. Qf4 Bd6 11. Qxf5+ Kxc7 12. Qxf7+ Bd7 13. Ng5 Re8 14. Bf4 Ne5 15. Qb3 h6 16. Nxe4 Bc6 17. Bb5 Bxe4 18. Bxe8 Qxe8 19. 0-0-0 Nd3+ 20. cxd3 Bxf4+ 21. Kb1 Bc6 22. Rhe1 Qd7 23. d4 Qf5+ 24. Ka1 Rd8 25. d5 Rxd5 26. Re7+ Kb8 27. Rxd5 Qxd5 28. Qxd5 Bxd5 29. Rxg7 Bxh2 30. g3 h5 31. Rg5 Bf3 32. Rf5 Bg4 33. Rf8+ Kc7 34. Rf7+ Kb6 35. Kb1 a5 36. Kc1 a4 37. Kd2 h4 38. gxh4 Be5 39. b3 axb3 40. axb3 Be6 41. Re7 Bf4+ 42. Kc3 Bd5 43. h5 Bg5 44. Re8 Bf6+ 45. Kd2 Bg5+ 46. Ke1 Bf7 47. Re5 Bf6 48. Rf5 Bc3+ 49. Kf1 Be6 50. Rf3 Bd2 51. Rf6 1-0

[Event "Sitges Sunway op 10th"]
[Site "Sitges"]
[Date "2023.12.21"]
[Round "9"]
[White "Vetoshko, Volodymyr"]
[Black "Moussard, Jules"]
[Result "1-0"]
[WhiteElo "2503"]
[BlackElo "2635"]
[PlyCount "69"]
[EventDate "2023.12.12"]
[EventType "swiss"]
[EventRounds "10"]
[EventCountry "ESP"]
[SourceTitle "CB52_2023"]
[SourceDate "2023.12.27"]
[SourceVersion "1"]
[SourceVersionDate "2023.12.27"]
[SourceQuality "1"]

1. Nf3 Nf6 2. c4 e6 3. g3 d5 4. Bg2 Be7 5. d4 0-0 6. Nc3 c6 7. 0-0 a5 8. Re1 Nbd7 9. Nd2 Re8 10. e4 dxc4 11. Nxc4 b5 12. Ne3 Bb7 13. e5 Nd5 14. Nexd5 exd5 15. Be3 a4 16. Rc1 Nb6 17. b3 axb3 18. axb3 Nd7 19. f4 f6 20. e6 Nb6 21. f5 Nc8 22. Qh5 Rf8 23. Ne2 Bd6 24. Nf4 Ra3 25. Qg4 Re8 26. Nh5 Bf8 27. Nxf6+ Qxf6 28. Bg5 h5 29. Qxh5 g6 30. fxg6 Qg7 31. Rf1 Nd6 32. Rf7 Qh8 33. Qxh8+ Kxh8 34. Rh7+ Kg8 35. Bf6 1-0

[Event "Sitges Sunway op 10th"]
[Site "Sitges"]
[Date "2023.12.16"]
[Round "5"]
[White "Dushyant, Sharma"]
[Black "Vetoshko, Volodymyr"]
[Result "0-1"]
[WhiteElo "2359"]
[BlackElo "2503"]
[PlyCount "122"]
[EventDate "2023.12.12"]
[EventType "swiss"]
[EventRounds "10"]
[EventCountry "ESP"]
[SourceTitle "CB52_2023"]
[SourceDate "2023.12.27"]
[SourceVersion "1"]
[SourceVersionDate "2023.12.27"]
[SourceQuality "1"]

1. e4 c5 2. Nf3 e6 3. d4 cxd4 4. Nxd4 a6 5. Bd3 Bc5 6. Nb3 Ba7 7. Qe2 Ne7 8. c4 0-0 9. 0-0 Nbc6 10. Nc3 d5 11. exd5 exd5 12. cxd5 Nxd5 13. Rd1 Nxc3 14. bxc3 Qh4 15. g3 Qh3 16. Qf1 Qh5 17. Be2 Bg4 18. Bxg4 Qxg4 19. Ba3 Rfe8 20. Bc5 h5 21. Bxa7 Rxa7 22. Nd4 Ne5 23. Re1 Raa8 24. Re3 Qd7 25. Rae1 Ng4 26. Rxe8+ Rxe8 27. Rxe8+ Qxe8 28. Qe2 Qd7 29. Qe4 g6 30. Kg2 Qc7 31. h3 Nf6 32. Qf3 Kg7 33. Ne2 Qc4 34. Nf4 Ne4 35. Qe3 Qc6 36. Kh2 Nxc3 37. Qe5+ Qf6 38. Qc7 b5 39. a3 Ne4 40. Qc2 Qd4 41. Kg2 Nc5 42. Kf3 a5 43. Ne2 Qd5+ 44. Ke3 b4 45. axb4 axb4 46. Qb2+ Kh7 47. Nf4 Qe4+ 48. Kd2 Qc4 49. Ke3 b3 50. Qf6 Qe4+ 51. Kd2 Qc2+ 52. Ke3 Qxf2+ 53. Kxf2 Ne4+ 54. Ke3 Nxf6 55. Kd3 Ne4 56. Ne2 Nf2+ 57. Kc3 Nxh3 58. Kxb3 Kh6 59. Kc3 Kg5 60. Kd3 Kg4 61. Ke3 f5 0-1

[Event "Bayern-chI Bank Hofmann 26th"]
[Site "Tegernsee"]
[Date "2023.10.30"]
[Round "3"]
[White "Kulon, Klaudia"]
[Black "Vetoshko, Volodymyr"]
[Result "1/2-1/2"]
[WhiteElo "2319"]
[BlackElo "2499"]
[PlyCount "81"]
[EventDate "2023.10.28"]
[EventType "swiss"]
[EventRounds "9"]
[EventCountry "GER"]
[SourceTitle "Mega2024 Update 01"]
[Source "Chessbase"]
[SourceDate "2023.11.12"]
[SourceVersion "1"]
[SourceVersionDate "2023.11.12"]
[SourceQuality "1"]

1. e4 c5 2. Nf3 e6 3. d4 cxd4 4. Nxd4 Nc6 5. Nc3 a6 6. Be3 Nf6 7. a3 d6 8. f4 Be7 9. Qf3 Qc7 10. 0-0-0 0-0 11. Rg1 Nxd4 12. Rxd4 b5 13. g4 d5 14. e5 Ne4 15. Nxe4 dxe4 16. Qxe4 Bb7 17. Qd3 Bc5 18. Rd6 Bxd6 19. exd6 Qd7 20. Bc5 Bd5 21. Qd4 Qc6 22. Bd3 Rfd8 23. Rg3 Bc4 24. Qe4 Qxe4 25. Bxe4 Rac8 26. b4 Rd7 27. Bd3 Bxd3 28. Rxd3 f6 29. Kb2 Kf7 30. Kb3 h5 31. gxh5 Rh8 32. Rh3 Ke8 33. a4 g6 34. axb5 axb5 35. h6 Rdh7 36. Kb2 Kd7 37. Ra3 Kc6 38. Re3 Kd7 39. Ra3 Kc6 40. Re3 Re8 41. Ra3 1/2-1/2

[Event "Titled Tuesday intern op 26th Sep Early"]
[Site "Chess.com INT"]
[Date "2023.09.26"]
[Round "5"]
[White "Vetoshko, Volodymyr"]
[Black "Eynullayev, Atilla Elshan"]
[Result "1-0"]
[WhiteElo "2502"]
[BlackElo "2265"]
[PlyCount "36"]
[EventDate "2023.09.26"]
[EventType "swiss (blitz)"]
[EventRounds "11"]
[EventCountry "USA"]
[SourceTitle "EXT 2024"]
[Source "ChessBase"]
[SourceDate "2023.10.10"]
[SourceVersion "1"]
[SourceVersionDate "2023.10.10"]
[SourceQuality "1"]

1. b3 Nf6 2. Bb2 e6 3. Nf3 d5 4. g3 c5 5. Bg2 Be7 6. 0-0 0-0 7. d4 Nc6 8. c4 b6 9. cxd5 Nxd5 10. dxc5 Bxc5 11. Nbd2 Bb7 12. Rc1 Rc8 13. Ne4 Be7 14. Nd4 Re8 15. Nxc6 Bxc6 16. Qd4 Bf8 17. Rfd1 e5 18. Qd3 Bd6 1-0

[Event "Morshyn Saint Charbel Cup"]
[Site "Morshyn"]
[Date "2023.09.07"]
[Round "4"]
[White "Szpar, Milosz"]
[Black "Vetoshko, Volodymyr"]
[Result "1-0"]
[WhiteElo "2477"]
[BlackElo "2502"]
[PlyCount "86"]
[EventDate "2023.09.05"]
[EventType "tourn"]
[EventRounds "9"]
[EventCountry "UKR"]
[EventCategory "6"]
[SourceTitle "EXT 2024"]
[Source "ChessBase"]
[SourceDate "2023.10.10"]
[SourceVersion "1"]
[SourceVersionDate "2023.10.10"]
[SourceQuality "1"]

1. Nf3 Nf6 2. c4 g6 3. b3 Bg7 4. Bb2 0-0 5. g3 d6 6. d4 e5 7. dxe5 Nfd7 8. Nc3 dxe5 9. Qd2 Re8 10. 0-0-0 Nc6 11. Bg2 e4 12. Ne1 e3 13. fxe3 Nce5 14. Nc2 a5 15. Na4 Qe7 16. Rhf1 Qg5 17. Rf4 Nf6 18. Rdf1 Ra6 19. c5 Nfg4 20. c6 bxc6 21. h4 Qh5 22. Nc5 Rb6 23. Bd4 Bf5 24. e4 Bc8 25. Qxa5 Rd8 26. Qc3 Rb5 27. b4 Be6 28. a4 Rbb8 29. Nxe6 fxe6 30. Bh3 c5 31. Qxc5 Bh6 32. Ne3 Bxf4 33. gxf4 Nxe3 34. Bxe5 Nf5 35. Bxf5 exf5 36. Qe7 Qh6 37. Qe6+ Kf8 38. b5 Rb6 39. Qc4 Qxh4 40. Qxc7 Re6 41. exf5 Qe7 42. fxe6 Qa3+ 43. Bb2 g5 1-0

[Event "Morshyn Saint Charbel Cup"]
[Site "Morshyn"]
[Date "2023.09.07"]
[Round "5"]
[White "Vetoshko, Volodymyr"]
[Black "Fishchuk, Vladyslav"]
[Result "1-0"]
[WhiteElo "2502"]
[BlackElo "2204"]
[PlyCount "41"]
[EventDate "2023.09.05"]
[EventType "tourn"]
[EventRounds "9"]
[EventCountry "UKR"]
[EventCategory "6"]
[SourceTitle "EXT 2024"]
[Source "ChessBase"]
[SourceDate "2023.10.10"]
[SourceVersion "1"]
[SourceVersionDate "2023.10.10"]
[SourceQuality "1"]

1. e4 e5 2. Nf3 Nc6 3. Bc4 Nf6 4. d3 Bc5 5. c3 d6 6. 0-0 a5 7. Bb3 0-0 8. Nbd2 Ba7 9. h3 Be6 10. Bc2 h6 11. Re1 d5 12. exd5 Nxd5 13. Nxe5 Nxe5 14. Rxe5 Qf6 15. d4 Rfe8 16. Ne4 Qh4 17. Qf3 Rad8 18. Rh5 Qe7 19. Bxh6 gxh6 20. Qg3+ Kf8 21. Rxh6 1-0

[Event "Morshyn Saint Charbel Cup"]
[Site "Morshyn"]
[Date "2023.09.06"]
[Round "2"]
[White "Haydon, David Leslie"]
[Black "Vetoshko, Volodymyr"]
[Result "1/2-1/2"]
[WhiteElo "2230"]
[BlackElo "2502"]
[PlyCount "65"]
[EventDate "2023.09.05"]
[EventType "tourn"]
[EventRounds "9"]
[EventCountry "UKR"]
[EventCategory "6"]
[SourceTitle "EXT 2024"]
[Source "ChessBase"]
[SourceDate "2023.10.10"]
[SourceVersion "1"]
[SourceVersionDate "2023.10.10"]
[SourceQuality "1"]

1. Nf3 g6 2. e3 Bg7 3. c4 c5 4. Nc3 Nf6 5. Be2 0-0 6. 0-0 d5 7. cxd5 Nxd5 8. d4 cxd4 9. Nxd4 Nc6 10. Nxc6 bxc6 11. Qc2 Nxc3 12. bxc3 Qa5 13. Bd2 Rd8 14. Rad1 Bf5 15. e4 Be6 16. c4 Qc5 17. Be3 Bd4 18. Rxd4 Rxd4 19. Bxd4 Qxd4 20. Rd1 Qe5 21. g3 Rb8 22. Rd2 Bh3 23. Bf1 Bg4 24. Be2 Bxe2 25. Rxe2 Qa1+ 26. Kg2 Rb1 27. e5 Rg1+ 28. Kf3 Qd4 29. Qe4 Qd1 30. e6 Qd6 31. exf7+ Kxf7 32. Re3 Qd1+ 33. Re2 1/2-1/2

[Event "Morshyn Saint Charbel Cup Blitz"]
[Site "Morshyn"]
[Date "2023.09.04"]
[Round "6"]
[White "Vetoshko, Volodymyr"]
[Black "Borsuk, Konstantin"]
[Result "0-1"]
[WhiteElo "2502"]
[BlackElo "2436"]
[PlyCount "53"]
[EventDate "2023.09.04"]
[EventType "tourn (blitz)"]
[EventRounds "9"]
[EventCountry "UKR"]
[EventCategory "6"]
[SourceTitle "EXT 2024"]
[Source "ChessBase"]
[SourceDate "2023.10.10"]
[SourceVersion "1"]
[SourceVersionDate "2023.10.10"]
[SourceQuality "1"]

1. b3 e5 2. Bb2 Nc6 3. c4 Nf6 4. Nf3 d6 5. g3 g6 6. Bg2 Bg7 7. 0-0 0-0 8. d4 Qe7 9. Nc3 e4 10. Ng5 e3 11. f4 h6 12. Nf3 Re8 13. a3 Ng4 14. Nd5 Qd8 15. Qc1 Na5 16. Qc3 c6 17. Nb4 c5 18. Nd5 Nc6 19. Qd3 Bf5 20. Qd1 Nf2 21. Rxf2 exf2+ 22. Kxf2 Be4 23. Qd2 Bxd5 24. cxd5 Nxd4 25. Nxd4 cxd4 26. Bxd4 Rc8 27. Rd1 0-1

[Event "Titled Tuesday intern op 29th Aug Late"]
[Site "Chess.com INT"]
[Date "2023.08.29"]
[Round "6"]
[White "Drygalov, Sergey"]
[Black "Vetoshko, Volodymyr"]
[Result "1-0"]
[WhiteElo "2547"]
[BlackElo "2502"]
[PlyCount "61"]
[EventDate "2023.08.29"]
[EventType "swiss (blitz)"]
[EventRounds "11"]
[EventCountry "USA"]
[SourceTitle "EXT 2024"]
[Source "ChessBase"]
[SourceDate "2023.10.10"]
[SourceVersion "1"]
[SourceVersionDate "2023.10.10"]
[SourceQuality "1"]

1. d4 d5 2. c4 e6 3. Nf3 a6 4. cxd5 exd5 5. Nc3 c6 6. Qb3 Nf6 7. Bg5 Be7 8. e3 0-0 9. Bd3 Nbd7 10. 0-0 Re8 11. h3 Nf8 12. Bf4 Ng6 13. Bh2 Bd6 14. Bxd6 Qxd6 15. Bxg6 hxg6 16. Ne5 g5 17. Qd1 g6 18. f4 Nd7 19. Qf3 gxf4 20. exf4 Nf6 21. Rad1 Bf5 22. g4 Be4 23. Qg3 Kg7 24. f5 c5 25. fxg6 cxd4 26. g5 Qxe5 27. gxf6+ Kh6 28. Qh4+ Kxg6 29. Rf4 Rg8 30. Kh2 Bg2 31. Rg1 1-0

[Event "Titled Tuesday intern op 29th Aug Late"]
[Site "Chess.com INT"]
[Date "2023.08.29"]
[Round "8"]
[White "Vetoshko, Volodymyr"]
[Black "Bluebaum, Matthias"]
[Result "0-1"]
[WhiteElo "2502"]
[BlackElo "2670"]
[PlyCount "50"]
[EventDate "2023.08.29"]
[EventType "swiss (blitz)"]
[EventRounds "11"]
[EventCountry "USA"]
[SourceTitle "EXT 2024"]
[Source "ChessBase"]
[SourceDate "2023.10.10"]
[SourceVersion "1"]
[SourceVersionDate "2023.10.10"]
[SourceQuality "1"]

1. b3 d5 2. Bb2 Bf5 3. d3 e6 4. Nf3 Nf6 5. g3 a5 6. a3 a4 7. b4 c5 8. b5 Qa5+ 9. Nbd2 Qxb5 10. Bxf6 gxf6 11. e4 Bg6 12. exd5 exd5 13. Bg2 Bg7 14. Qe2+ Kf8 15. 0-0 Qd7 16. Rfe1 Nc6 17. Rab1 Bh6 18. c4 dxc4 19. Nxc4 Qxd3 20. Qa2 Kg7 21. Rxb7 Rhe8 22. Rc7 Nd4 23. Rxe8 Rxe8 24. Nd6 Nxf3+ 25. Bxf3 Re1+ 0-1

[Event "Titled Tuesday intern op 29th Aug Late"]
[Site "Chess.com INT"]
[Date "2023.08.29"]
[Round "5"]
[White "Vetoshko, Volodymyr"]
[Black "Pranav, V."]
[Result "1-0"]
[WhiteElo "2502"]
[BlackElo "2588"]
[PlyCount "53"]
[EventDate "2023.08.29"]
[EventType "swiss (blitz)"]
[EventRounds "11"]
[EventCountry "USA"]
[SourceTitle "EXT 2024"]
[Source "ChessBase"]
[SourceDate "2023.10.10"]
[SourceVersion "1"]
[SourceVersionDate "2023.10.10"]
[SourceQuality "1"]

1. b3 e5 2. Bb2 Nc6 3. c4 Nf6 4. Nf3 e4 5. Nd4 Bc5 6. Nf5 0-0 7. Ng3 Re8 8. Nc3 d6 9. e3 a6 10. a3 Ba7 11. Qb1 Qe7 12. Be2 Nd8 13. 0-0 c6 14. f3 exf3 15. Bxf3 Qf8 16. Nce4 Nxe4 17. Bxe4 g6 18. Nh5 f5 19. Nf6+ Kf7 20. Bxf5 Bxf5 21. Rxf5 gxf5 22. Qxf5 Ne6 23. Rf1 Ng7 24. Qd7+ Kg6 25. Qg4+ Kf7 26. Nxh7+ Ke7 27. Nxf8 1-0

[Event "Speed Chess Q1 Sw"]
[Site "Chess.com INT"]
[Date "2023.08.21"]
[Round "3"]
[White "Paravyan, David"]
[Black "Vetoshko, Volodymyr"]
[Result "1-0"]
[WhiteElo "2597"]
[BlackElo "2502"]
[PlyCount "55"]
[EventDate "2023.08.21"]
[EventType "k.o. (blitz)"]
[EventRounds "14"]
[EventCountry "USA"]
[SourceTitle "CBM 215 Extra"]
[Source "ChessBase"]
[SourceDate "2023.09.30"]
[SourceVersion "1"]
[SourceVersionDate "2023.09.30"]
[SourceQuality "1"]

1. e4 d5 2. exd5 Qxd5 3. Nc3 Qe5+ 4. Be2 Bg4 5. d4 Bxe2 6. Ngxe2 Qa5 7. b4 Qh5 8. Qd3 c6 9. Nf4 Qg4 10. 0-0 Nf6 11. b5 g6 12. Rb1 Qd7 13. bxc6 Nxc6 14. d5 Nd8 15. Re1 Rc8 16. Ba3 a6 17. Qd4 Qf5 18. h3 Rxc3 19. Qxc3 Qxf4 20. Qc8 Qa4 21. Bc5 Qd7 22. Qa8 Nxd5 23. Rbd1 e6 24. Bd4 Rg8 25. c4 Nc7 26. Qb8 Bd6 27. Be5 Nd5 28. Bxd6 1-0

[Event "Speed Chess Q1 Sw"]
[Site "Chess.com INT"]
[Date "2023.08.21"]
[Round "11"]
[White "Vetoshko, Volodymyr"]
[Black "Chigaev, Maksim"]
[Result "1-0"]
[WhiteElo "2502"]
[BlackElo "2616"]
[PlyCount "71"]
[EventDate "2023.08.21"]
[EventType "k.o. (blitz)"]
[EventRounds "14"]
[EventCountry "USA"]
[SourceTitle "CBM 215 Extra"]
[Source "ChessBase"]
[SourceDate "2023.09.30"]
[SourceVersion "1"]
[SourceVersionDate "2023.09.30"]
[SourceQuality "1"]

1. b3 g6 2. Bb2 Nf6 3. g3 d5 4. Bg2 c5 5. Nf3 h5 6. 0-0 Nc6 7. d4 cxd4 8. Nxd4 h4 9. c4 hxg3 10. hxg3 Bh3 11. cxd5 Bxg2 12. Kxg2 Qxd5+ 13. Nf3 Qf5 14. Rh1 Rxh1 15. Qxh1 0-0-0 16. Nc3 Bg7 17. Qh3 Qxh3+ 18. Kxh3 Ne4 19. Nxe4 Bxb2 20. Rb1 Bg7 21. Neg5 Rf8 22. Kg2 Bf6 23. Rd1 Rh8 24. Nxf7 Rh5 25. g4 Ra5 26. Rd2 g5 27. a4 b5 28. Rd5 a6 29. axb5 axb5 30. N7xg5 Kb7 31. Ne4 Kb6 32. Nxf6 exf6 33. Rf5 Ra3 34. Rxf6 Kc7 35. g5 Na5 36. g6 1-0

[Event "Speed Chess Q1 Sw"]
[Site "Chess.com INT"]
[Date "2023.08.21"]
[Round "14"]
[White "Vetoshko, Volodymyr"]
[Black "Demchenko, Anton"]
[Result "1/2-1/2"]
[WhiteElo "2502"]
[BlackElo "2619"]
[PlyCount "105"]
[EventDate "2023.08.21"]
[EventType "k.o. (blitz)"]
[EventRounds "14"]
[EventCountry "USA"]
[SourceTitle "CBM 215 Extra"]
[Source "ChessBase"]
[SourceDate "2023.09.30"]
[SourceVersion "1"]
[SourceVersionDate "2023.09.30"]
[SourceQuality "1"]

1. b3 g6 2. Bb2 Nf6 3. g3 Bg7 4. Bg2 d6 5. d4 0-0 6. Nf3 b5 7. c4 bxc4 8. Nfd2 c6 9. Nxc4 Bb7 10. 0-0 Nbd7 11. Nbd2 d5 12. Ne5 Nxe5 13. dxe5 Nd7 14. f4 e6 15. Qc2 Qb6+ 16. Kh1 a5 17. a4 Ba6 18. Rfe1 Rfc8 19. e4 Bf8 20. f5 Nc5 21. Bd4 Qb4 22. Bc3 Qb8 23. Bf1 Rd8 24. Bd4 Qb4 25. Bc3 Qb7 26. Bd4 Nd7 27. fxe6 fxe6 28. Bh3 Re8 29. exd5 cxd5 30. Nf3 Rac8 31. Qd1 Bh6 32. Be3 Bxe3 33. Rxe3 Nf8 34. Nd4 Qb4 35. Qg4 Rc3 36. Rae1 Rxe3 37. Rxe3 Qd2 38. Qf4 Bd3 39. Rf3 Qe1+ 40. Kg2 Bf5 41. g4 Rc8 42. gxf5 exf5 43. Bxf5 gxf5 44. Qxf5 Rb8 45. Qf7+ Kh8 46. Qf6+ Kg8 47. Rg3+ Ng6 48. Rxg6+ hxg6 49. Qxg6+ Kh8 50. Qh6+ Kg8 51. Qg6+ Kh8 52. Qh6+ Kg8 53. Qg6+ 1/2-1/2

[Event "Speed Chess Q1 Sw"]
[Site "Chess.com INT"]
[Date "2023.08.21"]
[Round "8"]
[White "Vetoshko, Volodymyr"]
[Black "Golubev, Mikhail"]
[Result "1-0"]
[WhiteElo "2502"]
[BlackElo "2461"]
[PlyCount "83"]
[EventDate "2023.08.21"]
[EventType "k.o. (blitz)"]
[EventRounds "14"]
[EventCountry "USA"]
[SourceTitle "CBM 215 Extra"]
[Source "ChessBase"]
[SourceDate "2023.09.30"]
[SourceVersion "1"]
[SourceVersionDate "2023.09.30"]
[SourceQuality "1"]

1. b3 d6 2. Bb2 Nd7 3. d4 Ngf6 4. Nf3 g6 5. c4 Bg7 6. g3 0-0 7. Bg2 e5 8. dxe5 dxe5 9. 0-0 e4 10. Nd4 e3 11. f3 Qe7 12. Nc3 Rd8 13. Qc1 Nc5 14. Nc2 Rd2 15. Rd1 Bf5 16. Nd4 Rd8 17. Rxd2 exd2 18. Qxd2 c6 19. Nxf5 gxf5 20. Qc1 f4 21. Qxf4 Nh5 22. Qg4 Rd2 23. Rb1 Qe3+ 24. Kh1 Rxb2 25. Rxb2 Qxc3 26. Rb1 Qc2 27. Rf1 Nf6 28. Qg5 Ne6 29. Qe5 Ne8 30. Qb8 Kf8 31. Qxb7 Bd4 32. Qxc6 Qxe2 33. Qe4 Qxa2 34. Qxh7 Qxb3 35. Qh6+ Ke7 36. Qc1 a5 37. f4 a4 38. f5 Nc5 39. Re1+ Kf8 40. Qh6+ Bg7 41. Qd2 a3 42. Qd8 1-0

[Event "Speed Chess Q1 Sw"]
[Site "Chess.com INT"]
[Date "2023.08.21"]
[Round "5"]
[White "Vetoshko, Volodymyr"]
[Black "Henriquez Villagra, Cristobal"]
[Result "0-1"]
[WhiteElo "2502"]
[BlackElo "2626"]
[PlyCount "62"]
[EventDate "2023.08.21"]
[EventType "k.o. (blitz)"]
[EventRounds "14"]
[EventCountry "USA"]
[SourceTitle "CBM 215 Extra"]
[Source "ChessBase"]
[SourceDate "2023.09.30"]
[SourceVersion "1"]
[SourceVersionDate "2023.09.30"]
[SourceQuality "1"]

1. b3 d6 2. Bb2 Nf6 3. d4 b6 4. f3 Nbd7 5. e4 e5 6. Nc3 Be7 7. Nge2 0-0 8. Qd2 c6 9. 0-0-0 b5 10. g4 a5 11. Ng3 b4 12. Na4 Nxg4 13. h4 Bxh4 14. Rxh4 Qxh4 15. Nf5 Qh1 16. Be2 Qg2 17. fxg4 Nf6 18. Qg5 Bxf5 19. Bf1 Qxg4 20. Qxf5 Qxe4 21. Qh3 Qf4+ 22. Kb1 e4 23. d5 Nxd5 24. Bc4 Qf3 25. Rg1 Qxh3 26. Rxg7+ Kh8 27. Rg3+ Nc3+ 28. Bxc3+ bxc3 29. Rxh3 d5 30. Be2 f5 31. Nxc3 f4 0-1